| 000 -ლიდერი |
| ფიქსირებული სიგრძის საკონტროლო ველი |
01053nam a2200241Ia 4500 |
| 001 - საკონტროლო ნომერი |
| საკონტროლო ველი |
3468 |
| 003 - საკონტროლო ნომრის იდენტიფიკატორი |
| საკონტროლო ველი |
GE_BSU |
| 005 - ბოლო ოპერაციის თარიღი და დრო |
| საკონტროლო ველი |
20190621141604.0 |
| 008 - ფიქსირებული სიგრძის მონაცემთა ელემენტები - ზოგადი ინფორმაცია |
| ფიქსირებული სიგრძის საკონტროლო ველი |
181216s1995||||ge |||||||||||||| ||geo|| |
| 020 ## - წიგნის საერთაშორისო სტანდარტული ნომერი |
| International Standard Book Number |
5 505 01856 4 |
| 040 ## - კატალოგიზაციის წყარო |
| Transcribing agency |
GE_BSU |
| 041 ## - ენის კოდი |
| Language code of text/sound track or separate title |
geo |
| 080 ## - უნივერსალური ათობითი კლასიფიკაციის ინდექსი |
| Universal Decimal Classification number |
631.147(075.8)+502(075.8)+574(075.8) მ–98 |
| 100 ## - მთავარი ჩანაწერი - პიროვნების სახელი |
| Personal name |
მჭედლიძე, მ. |
| 9 (RLIN) |
2720 |
| 245 ## - ცნობა სათაურის შესახებ |
| Title |
ეკოლოგია მეტეოროლოგიისა და ბუნების დაცვის საფუძვლებით : |
| Remainder of title |
სახელმძღვ. სას.-სამ. უმაღ. სასწ. სტუდ. |
| Statement of responsibility, etc |
მ. მჭედლიძე, ზ. დოღონაძე. |
| 264 ## - წარმოების, გამოცემის, დისტრიბუციის და სხვა ცნობები |
| გამოცემის, წარმოების, დისტრიბუციის... ადგილი |
თბილისი : |
| გამოცემის, წარმოების, დისტრიბუციის... სახელწოდება |
განათლება, |
| გამოცემის, წარმოების, დისტრიბუციის... თარიღი |
995. |
| 300 ## - ფიზიკური აღწერა |
| Extent |
254 გვ. ; |
| Other physical details |
21 სმ. |
| 653 ## - INDEX TERM--UNCONTROLLED |
| Uncontrolled term |
ეკოლოგია |
| 653 ## - INDEX TERM--UNCONTROLLED |
| Uncontrolled term |
მეტეოროლოგია |
| 653 ## - INDEX TERM--UNCONTROLLED |
| Uncontrolled term |
ბუნების დაცვა |
| 700 ## - ADDED ENTRY--PERSONAL NAME |
| Personal name |
დოღონაძე, ზ. |
| Relator term |
ავტორი |
| 9 (RLIN) |
2721 |
| 942 ## - ADDED ENTRY ELEMENTS (KOHA) |
| Koha item type |
წიგნი |
| Source of classification or shelving scheme |
|